Największe miasta w województwie małopolskim - Statystyki

Ogólne statystyki
  • Ten quiz został rozwiązany 1 312 razy
  • Średni wynik to 12 z 20
Statystyki odpowiedzi
Lp Populacja Odpowiedź % Poprawnych
1 761 873 Kraków
100%
3 83 853 Nowy Sącz
91%
2 111 376 Tarnów
91%
10 27 556 Zakopane
90%
7 33 598 Nowy Targ
80%
12 21 676 Wieliczka
77%
4 39 444 Oświęcim
74%
8 30 104 Bochnia
72%
15 19 254 Wadowice
61%
6 36 477 Olkusz
60%
17 18 346 Myślenice
58%
5 37 898 Chrzanów
56%
19 17 090 Brzesko
53%
9 28 255 Gorlice
53%
20 15 078 Limanowa
53%
13 20 993 Andrychów
41%
11 24 203 Skawina
41%
14 20 127 Trzebinia
28%
16 19 062 Kęty
23%
18 17 284 Libiąż
17%
Nie znaleziono quizów pasujących do podanych kryteriów
Rozkład punktacji
Procent ludzi z każdym wynikiem
Percentyl według liczby udzielonych odpowiedzi
Twoja historia wyników
Nie rozwiązałeś tego quizu